000 01179nam a22003257a 4500
003 CHAP
005 20220329141024.0
008 971013s1996 r 00010 d
010 _a61424
011 _a62396
035 _a66570
040 _cCHAP
090 _aTesis
100 0 0 _aGutiérrez Guzmán, Olga.
_951720
245 _aEvaluación de la calidad fisiológica de la semilla de cempazúchitl (Tagetes erecta L.) proveniente de flores simples y dobles en almacenamiento
260 _aChapingo, Méx. :
_bEl autor,
_c1996
300 _a63 h.
_b; gráfs.
502 _aTesis (Ing. Agr. Esp. en Fitotecnia) -- UACH. Departamento de Fitotecnia
590 _aALEPH
_b10
_c20130110
_lUCH01
_h1342
590 _aBATCH-UPD
_b10
_c20130110
_lUCH01
_h0433
590 _aBATCH-UPD
_b10
_c20130410
_lUCH01
_h0109
590 _aBATCH-UPD
_b10
_c20130914
_lUCH01
_h0907
590 _aCONVERSION
_b10
_c20130109
_lUCH01
_h1333
650 1 4 _aCempazúchil
_xSemilla.
_920951
650 1 4 _aSemillas
_xFisiología y morfología.
_9103902
901 _aBK
942 _cFOLL
949 _bBC
_cTES
_d-151787
_eTS1
_h29790
_i66570
_si
949 _bBC
_cTES
_d33724000624144
_eTS2
_fc.2
_h29791
_i66570
_si
999 _c61424
_d61424